000
00232nam a22000977a 4500
005
20250901165812.0
008
250327b |||||||| |||| 00| 0 eng d
050
_a
PL 8704.H33 2014
245
_a
Pendo la kahara
_c
Habwe John
942
_2
lcc
999
_c
9422
_d
9422